[Event "10th dMP Batavia GM 2018"]
[Site "Amsterdam NED"]
[Date "2018.02.27"]
[Round "5.5"]
[White "Nijboer, Friso"]
[Black "Kevlishvili, Robby"]
[Result "1-0"]
[WhiteTitle "GM"]
[BlackTitle "IM"]
[WhiteElo "2510"]
[BlackElo "2469"]
[WhiteFideId "1000063"]
[BlackFideId "1040634"]
[EventDate "2018.02.23"]

1. e4 c5 2. Nf3 d6 3. d4 cxd4 4. Nxd4 Nf6 5. Nc3 a6 6. g3 e6 7. Bg2 Be7 8. O-O
Qc7 9. a4 Nc6 10. Be3 Bd7 11. Qe2 O-O 12. Nxc6 Bxc6 13. a5 Rfe8 14. Bb6 Qb8 15.
Rfd1 Nd7 16. Bd4 Bf8 17. Na4 Qc7 18. Nb6 Rad8 19. c4 Qb8 20. b4 Nxb6 21. Bxb6
Rc8 22. Qd3 Be7 23. h4 Bd7 24. Bh3 Bc6 25. Bg2 Bd7 26. Bh3 Bc6 27. Ra2 Bf8 28.
Bg2 d5 29. exd5 exd5 30. cxd5 Bb5 31. Qb1 Rc4 32. Rb2 Bd6 33. Re1 Rxe1+ 34. Qxe1
Qc8 35. Be3 Be5 36. Rb1 Bd6 37. Bf1 Re4 38. Bg2 Re8 39. Qd2 Qg4 40. Rb2 Rc8 41.
Bc5 Bxc5 42. bxc5 Rxc5 43. d6 Qd7 44. Kh2 Rc8 45. Bh3 f5 46. Qd5+ Qf7 47. Qxf5
Qxf5 48. Bxf5 Rd8 49. Be6+ Kf8 50. Rd2 Bd7 51. Bxd7 Rxd7 52. h5 Ke8 53. g4 Kd8
54. Kg3 Rf7 55. Rb2 Kc8 56. f4 b5 57. axb6 Kb7 58. f5 Rd7 59. Rd2 Kxb6 60. Kf4
Rd8 61. Ke5 Re8+ 62. Kd5 Re1 63. Rb2+ Ka7 64. g5 1-0

[Event "10th dMP Batavia GM 2018"]
[Site "Amsterdam NED"]
[Date "2018.03.01"]
[Round "6.1"]
[White "Beerdsen, Thomas"]
[Black "Zatonskih, Anna"]
[Result "1-0"]
[WhiteTitle "IM"]
[BlackTitle "IM"]
[WhiteElo "2445"]
[BlackElo "2447"]
[WhiteFideId "1030108"]
[BlackFideId "14101572"]
[EventDate "2018.02.23"]

1. e4 e5 2. Nf3 Nf6 3. Nxe5 d6 4. Nf3 Nxe4 5. c4 Nc6 6. d3 Nf6 7. d4 d5 8. c5
Be7 9. Bb5 Bd7 10. Nc3 O-O 11. h3 b6 12. cxb6 axb6 13. O-O Na7 14. Bd3 c5 15.
Bg5 Be6 16. Ne5 Re8 17. f4 cxd4 18. Nb5 Nd7 19. Bxe7 Qxe7 20. Nxd4 Nf8 21. Kh1
f6 22. Nef3 Qd6 23. Qd2 Rad8 24. a4 Bd7 25. b4 Nc6 26. Nxc6 Bxc6 27. Nd4 Bd7 28.
f5 Qe5 29. Be2 Ra8 30. a5 bxa5 31. bxa5 Bc8 32. Bf3 Bd7 33. a6 Kh8 34. a7 Red8
35. Ra5 Be8 36. Qb4 Kg8 37. Re1 Qc7 38. Qxf8+ Kxf8 39. Ne6+ 1-0

[Event "10th dMP Batavia GM 2018"]
[Site "Amsterdam NED"]
[Date "2018.03.01"]
[Round "6.2"]
[White "Kevlishvili, Robby"]
[Black "Fier, Alexandr"]
[Result "0-1"]
[WhiteTitle "IM"]
[BlackTitle "GM"]
[WhiteElo "2469"]
[BlackElo "2544"]
[WhiteFideId "1040634"]
[BlackFideId "2107139"]
[EventDate "2018.02.23"]

1. e4 c5 2. Nf3 Nc6 3. d4 cxd4 4. Nxd4 e6 5. Nc3 Qc7 6. Qd3 a6 7. Nxc6 Qxc6 8.
Be2 b5 9. a3 Bb7 10. f4 Rc8 11. Bf3 Bc5 12. e5 Qb6 13. Bxb7 Qxb7 14. Be3 Bxe3
15. Qxe3 Qxg2 16. O-O-O Ne7 17. Rhg1 Qxh2 18. Rd2 Qh6 19. Ne4 Nf5 20. Qf3 f6 21.
Nc5 fxe5 22. Nxd7 Qxf4 23. Qb7 Rd8 24. Qc6 Nd4 25. Nf6+ Kf7 26. Qc7+ Kxf6 27.
Qxg7+ Kf5 28. Qf7+ Ke4 29. Re1+ Kd5 30. Qb7+ Kd6 31. Re4 Qh6 32. c3 Rd7 33. Qb6+
Ke7 34. Qc5+ Ke8 35. cxd4 Qh1+ 36. Rd1 Qxe4 37. Qc8+ Ke7 38. Qxh8 Rc7+ 39. Kd2
Rc2# 0-1

[Event "10th dMP Batavia GM 2018"]
[Site "Amsterdam NED"]
[Date "2018.03.01"]
[Round "6.3"]
[White "Vrolijk, Liam"]
[Black "Kashlinskaya, Alina"]
[Result "1/2-1/2"]
[WhiteTitle "FM"]
[BlackTitle "IM"]
[WhiteElo "2427"]
[BlackElo "2459"]
[WhiteFideId "1048333"]
[BlackFideId "4198026"]
[EventDate "2018.02.23"]

1. d4 Nf6 2. c4 e6 3. Nf3 d5 4. Nc3 Bb4 5. Bg5 h6 6. Bxf6 Qxf6 7. Qa4+ Nc6 8. e3
O-O 9. Rc1 Qg6 10. Qc2 Qxc2 11. Rxc2 dxc4 12. Bxc4 Bd7 13. Ke2 Bd6 14. Rd1 Rfd8
15. Rcc1 Be8 16. Ne4 Ne7 17. Bd3 Ba4 18. Rh1 Bc6 19. Ned2 Rac8 20. Nc4 Bd5 21.
a3 Kf8 22. e4 Bxc4 23. Rxc4 c6 24. Rd1 Bc7 25. Bc2 Rd7 26. Rc3 Rcd8 27. b4 Bb6
28. Rcd3 Bc7 29. g3 g5 30. Ke3 Ng6 31. Bb3 Bb6 32. a4 a6 33. h4 gxh4 34. Nxh4
Nxh4 35. gxh4 e5 36. f4 Rxd4 37. Rxd4 exd4+ 38. Kd3 a5 39. bxa5 Bxa5 40. e5 Bc7
41. Ke4 d3 1/2-1/2

[Event "10th dMP Batavia GM 2018"]
[Site "Amsterdam NED"]
[Date "2018.03.01"]
[Round "6.4"]
[White "Santos Ruiz, Miguel"]
[Black "Bosboom, Manuel"]
[Result "1-0"]
[WhiteTitle "IM"]
[BlackTitle "IM"]
[WhiteElo "2505"]
[BlackElo "2403"]
[WhiteFideId "22291482"]
[BlackFideId "1000080"]
[EventDate "2018.02.23"]

1. e4 c5 2. Nf3 a6 3. c4 d6 4. d4 cxd4 5. Nxd4 Nf6 6. Nc3 e6 7. Be3 Be7 8. g3
Bd7 9. Bg2 Nc6 10. Nxc6 Bxc6 11. O-O Rc8 12. a4 O-O 13. a5 Nd7 14. Nd5 f5 15.
Nf4 Rf6 16. exf5 e5 17. Nh5 Rxf5 18. Nxg7 Kxg7 19. Qg4+ Kf6 20. f4 e4 21. Bh3
Rc5 22. Bd4+ Kf7 23. b4 Bf6 24. Rfd1 Bxd4+ 25. Rxd4 Qf6 26. Rad1 Rg8 27. Qe2 Ba4
28. bxc5 Bxd1 29. Qxd1 Nxc5 30. Rxd6 Qc3 31. Qd5+ Ke7 32. Qxc5 Rxg3+ 33. hxg3
Qxg3+ 34. Bg2 Qe1+ 35. Kh2 Qh4+ 36. Bh3 Qxf4+ 37. Kh1 Qxd6 38. Qg5+ Kf7 39. Qd5+
Ke7 40. Qxb7+ 1-0

[Event "10th dMP Batavia GM 2018"]
[Site "Amsterdam NED"]
[Date "2018.03.01"]
[Round "6.5"]
[White "Sokolov, Ivan"]
[Black "Nijboer, Friso"]
[Result "1-0"]
[WhiteTitle "GM"]
[BlackTitle "GM"]
[WhiteElo "2567"]
[BlackElo "2510"]
[WhiteFideId "14400030"]
[BlackFideId "1000063"]
[EventDate "2018.02.23"]

1. d4 Nf6 2. c4 g6 3. Nc3 Bg7 4. e4 d6 5. Be2 O-O 6. Be3 c5 7. d5 e6 8. Nf3 exd5
9. cxd5 Bg4 10. Nd2 Bxe2 11. Qxe2 Re8 12. O-O Na6 13. Kh1 Rb8 14. f3 Nc7 15. a4
Nd7 16. Nc4 Ne5 17. Na3 f5 18. Rfd1 b6 19. Rab1 Kh8 20. Nc4 Nxc4 21. Qxc4 Qh4
22. b4 Be5 23. Bg1 Rf8 24. Qd3 Qf6 25. Ne2 fxe4 26. Qxe4 Na6 27. f4 Bxf4 28. Rf1
g5 29. Qc4 Nc7 30. g3 Rbe8 31. gxf4 Qf7 32. fxg5 Qxd5+ 33. Qxd5 Nxd5 34. Rxf8+
Rxf8 35. bxc5 dxc5 36. Rd1 Rf5 37. h4 h6 38. gxh6 Kh7 39. Kg2 Kxh6 40. Kg3 1-0

[Event "10th dMP Batavia GM 2018"]
[Site "Amsterdam NED"]
[Date "2018.03.02"]
[Round "7.1"]
[White "Kashlinskaya, Alina"]
[Black "Beerdsen, Thomas"]
[Result "1/2-1/2"]
[WhiteTitle "IM"]
[BlackTitle "IM"]
[WhiteElo "2459"]
[BlackElo "2445"]
[WhiteFideId "4198026"]
[BlackFideId "1030108"]
[EventDate "2018.02.23"]

1. d4 e6 2. c4 b6 3. e4 Bb7 4. Bd3 Nc6 5. Ne2 g6 6. Nbc3 Bg7 7. Be3 Nge7 8. h4
d5 9. cxd5 exd5 10. e5 Qd7 11. h5 O-O-O 12. h6 Bxe5 13. dxe5 d4 14. Nxd4 Nxd4
15. Be4 Bxe4 16. Nxe4 Qf5 17. Nd6+ cxd6 18. Qxd4 dxe5 19. Qc4+ Kb7 20. O-O Rc8
21. Qb3 Rhd8 22. Rfd1 Nc6 23. Rd5 Rxd5 24. Qxd5 Rd8 25. Qc4 Qd7 26. a4 Qd5 27.
Qe2 f5 28. f3 Qd3 29. Qe1 Nd4 30. Bxd4 Qxd4+ 31. Kh1 g5 32. Qg3 Rg8 33. f4 Qxf4
34. Qd3 Qh4+ 35. Kg1 Qd4+ 36. Qxd4 exd4 37. Re1 Rd8 38. Re7+ Kc6 39. Kf2 Rd7 40.
Rg7 g4 41. Ke2 Kd6 42. Kd3 Ke6 43. Rg8 Ke5 44. Rg7 Ke6 45. Rg8 Rc7 46. Kxd4 Rc2
47. Rg7 Rxg2 48. Rxh7 Rd2+ 49. Ke3 Rxb2 50. Rxa7 Rh2 51. h7 Ke5 52. Re7+ Kf6 53.
Rb7 Rh3+ 54. Kf2 Kg5 55. Kg2 Rh6 56. Rg7+ Kf4 57. Rc7 Rh3 58. Re7 Rh5 59. Rc7
Kg5 60. Rg7+ Kh4 61. Rf7 Kg5 62. Rg7+ Kf6 63. Rb7 Ke5 64. Re7+ Kd4 65. Rf7 Kc3
66. Rxf5 Rxh7 67. a5 1/2-1/2

[Event "10th dMP Batavia GM 2018"]
[Site "Amsterdam NED"]
[Date "2018.03.02"]
[Round "7.2"]
[White "Fier, Alexandr"]
[Black "Sokolov, Ivan"]
[Result "1/2-1/2"]
[WhiteTitle "GM"]
[BlackTitle "GM"]
[WhiteElo "2544"]
[BlackElo "2567"]
[WhiteFideId "2107139"]
[BlackFideId "14400030"]
[EventDate "2018.02.23"]

1. d4 Nf6 2. c4 e6 3. Nc3 Bb4 4. e3 O-O 5. Bd3 c5 6. Nf3 Nc6 7. O-O Bxc3 8. bxc3
d6 9. e4 e5 10. d5 Ne7 11. Nh4 h6 12. Qf3 Nh7 13. Qg3 Kh8 14. f4 Qc7 15. f5 Ng8
16. Nf3 Bd7 17. Qh3 g5 18. Bxg5 hxg5 19. Nxg5 Nf6 20. Qh6 Ba4 21. Rf3 Rg8 22.
Rh3 Rxg5 23. Qxg5 Qe7 24. Rh6 Ng8 25. Qxe7 Nxe7 26. Rxd6 Ng8 27. Kf2 Nhf6 28.
Rxf6 Nxf6 29. Kf3 Rg8 30. g3 Kg7 31. g4 Kf8 32. h3 Ke7 33. Rb1 b6 34. Rh1 Ne8
35. h4 f6 36. Rg1 Nd6 37. g5 Kf8 38. Kf2 Rh8 39. Kg3 Nf7 40. g6 Nd6 41. Rh1 Kg7
42. Kf3 Bd7 43. Kg4 Bc8 44. a4 Ba6 45. a5 Bxc4 46. Bxc4 Nxc4 47. axb6 axb6 48.
Ra1 Na5 49. Ra4 Rb8 50. c4 Rb7 51. h5 Kh6 1/2-1/2

[Event "10th dMP Batavia GM 2018"]
[Site "Amsterdam NED"]
[Date "2018.03.02"]
[Round "7.3"]
[White "Zatonskih, Anna"]
[Black "Kevlishvili, Robby"]
[Result "1/2-1/2"]
[WhiteTitle "IM"]
[BlackTitle "IM"]
[WhiteElo "2447"]
[BlackElo "2469"]
[WhiteFideId "14101572"]
[BlackFideId "1040634"]
[EventDate "2018.02.23"]

1. d4 d5 2. c4 c6 3. cxd5 cxd5 4. Bf4 Nf6 5. Nc3 Nc6 6. e3 a6 7. Bd3 Bg4 8. Nge2
e6 9. O-O Bd6 10. f3 Bh5 11. Rc1 Bg6 12. Bxd6 Qxd6 13. Nf4 Bxd3 14. Nxd3 O-O 15.
f4 Rac8 16. Rf2 Ne7 17. Rfc2 Nf5 18. Qe2 Rc7 19. Nc5 h5 20. Nd1 Ng4 21. Qd3 Qe7
22. h3 Nf6 23. Qe2 Rfc8 24. a3 h4 25. Qd3 g6 26. Rc3 a5 27. Nf2 Nd6 28. Qe2 b6
29. Na4 Nfe4 30. Nxe4 Nxe4 31. R3c2 b5 32. Nb6 Rxc2 33. Rxc2 Rb8 34. Qxb5 Qd8
35. Rc6 g5 36. fxg5 Qxg5 37. Qe2 Kh7 38. Qf3 Qg6 39. Nxd5 Ng3 40. Kh2 Rxb2 41.
Nf6+ Kg7 42. Rc8 Qf5 43. Ne8+ Kh7 44. Qxf5+ exf5 45. Rc1 Re2 46. Nf6+ Kg7 47.
Nd5 Ra2 48. Nb6 Rxa3 49. Nc4 Rd3 50. Nxa5 Rxe3 51. Rd1 Ne4 52. Nc4 Re2 53. Ne5
Ng5 54. Kg1 Kf6 55. Nd3 Rc2 56. d5 Ne4 57. d6 Rc6 58. Ne1 Nxd6 59. Nf3 Ne4 60.
Nxh4 Rc2 1/2-1/2

[Event "10th dMP Batavia GM 2018"]
[Site "Amsterdam NED"]
[Date "2018.03.02"]
[Round "7.4"]
[White "Nijboer, Friso"]
[Black "Santos Ruiz, Miguel"]
[Result "1/2-1/2"]
[WhiteTitle "GM"]
[BlackTitle "IM"]
[WhiteElo "2510"]
[BlackElo "2505"]
[WhiteFideId "1000063"]
[BlackFideId "22291482"]
[EventDate "2018.02.23"]

1. e4 c5 2. Nf3 d6 3. d4 cxd4 4. Nxd4 Nf6 5. Nc3 a6 6. g3 e5 7. Nb3 Be7 8. Bg2
O-O 9. O-O Be6 10. a4 Nbd7 11. Re1 Qc7 12. Nd2 Bd8 13. Nf1 Qc5 14. h3 Ba5 15.
Be3 Qb4 16. Qc1 Nb6 17. Nd2 Nc4 18. Nxc4 Qxc4 19. Bd2 Rac8 20. Re3 h6 21. Qe1
Rfd8 22. Rd3 Bb4 23. Rd1 Qc7 24. g4 Nd7 25. g5 hxg5 26. Bxg5 f6 27. Bd2 Nc5 28.
Rg3 Bxc3 29. Rxc3 Qf7 30. b3 d5 31. exd5 Bxd5 32. f3 Ne6 33. Rxc8 Rxc8 34. Be3
Bc6 35. Qg3 Re8 36. h4 Qh5 37. Qg4 Qh7 38. Rd6 Nf4 39. Bxf4 exf4 40. Rd2 Qh6 41.
Bf1 f5 42. Qxf5 Bxf3 43. Rf2 Be4 44. Bc4+ Kh8 45. Qxf4 Qxf4 46. Rxf4 Bxc2 47. a5
Be4 48. Kf2 Re5 49. b4 Bc6 50. Bd3 Kg8 51. Bg6 Bd5 52. Bd3 Bc6 53. Be2 Kh7 54.
Rf7 Kh6 55. Bd3 Bb5 56. Rf5 Rxf5+ 57. Bxf5 g5 58. hxg5+ Kxg5 59. Bc8 Bc6 60. Ke3
Kf6 61. Kd4 Ke7 62. Kc5 Kd8 63. Bxb7 Bxb7 64. b5 1/2-1/2

[Event "10th dMP Batavia GM 2018"]
[Site "Amsterdam NED"]
[Date "2018.03.02"]
[Round "7.5"]
[White "Bosboom, Manuel"]
[Black "Vrolijk, Liam"]
[Result "0-1"]
[WhiteTitle "IM"]
[BlackTitle "FM"]
[WhiteElo "2403"]
[BlackElo "2427"]
[WhiteFideId "1000080"]
[BlackFideId "1048333"]
[EventDate "2018.02.23"]

1. Nf3 Nf6 2. d4 e6 3. Bg5 h6 4. Bxf6 Qxf6 5. e4 d5 6. Nbd2 Qd8 7. Bd3 Be7 8.
Qe2 O-O 9. c3 Nd7 10. e5 c5 11. Bc2 Re8 12. Qd3 Nf8 13. dxc5 Bxc5 14. Nb3 b6 15.
O-O a5 16. Rfe1 Ba6 17. Qd2 Be7 18. Nbd4 Qd7 19. a4 Rec8 20. g3 b5 21. axb5 Bxb5
22. Nxb5 Qxb5 23. Ra4 Rab8 24. Rg4 h5 25. Ra4 Qxb2 26. Rb1 Qxc3 27. Rxb8 Qxd2
28. Rxc8 Qe2 29. Kg2 Bb4 30. Ra2 Qa6 31. Rc7 Qb6 32. Rc8 Qb7 33. Re8 d4 34. Bd1
g5 35. Kg1 Qd7 36. Rxf8+ Kxf8 37. Nxg5 d3 38. Nf3 Qc6 39. Ra1 Qc3 40. Rb1 d2 41.
Kg2 Qc1 42. Nxd2 Qxd2 43. Bxh5 Qc2 0-1

[Event "10th dMP Batavia GM 2018"]
[Site "Amsterdam NED"]
[Date "2018.03.03"]
[Round "8.1"]
[White "Kevlishvili, Robby"]
[Black "Kashlinskaya, Alina"]
[Result "1-0"]
[WhiteTitle "IM"]
[BlackTitle "IM"]
[WhiteElo "2469"]
[BlackElo "2459"]
[WhiteFideId "1040634"]
[BlackFideId "4198026"]
[EventDate "2018.02.23"]

1. e4 e5 2. Nf3 Nc6 3. Bb5 Nf6 4. d3 Bc5 5. Bxc6 dxc6 6. O-O Qe7 7. Nbd2 Bg4 8.
h3 Bh5 9. Nc4 O-O-O 10. Qe2 Rhg8 11. g4 Nxg4 12. hxg4 Bxg4 13. Kg2 f5 14. Ne3
Bxe3 15. Qxe3 f4 16. Qxa7 Rd6 17. Qa8+ Kd7 18. Qxg8 Bh3+ 19. Kh2 Rh6 20. Nxe5+
Qxe5 21. Qf7+ Kd8 22. Bxf4 Bxf1+ 23. Kg1 Rg6+ 24. Qxg6 1-0

[Event "10th dMP Batavia GM 2018"]
[Site "Amsterdam NED"]
[Date "2018.03.03"]
[Round "8.2"]
[White "Beerdsen, Thomas"]
[Black "Bosboom, Manuel"]
[Result "1-0"]
[WhiteTitle "IM"]
[BlackTitle "IM"]
[WhiteElo "2445"]
[BlackElo "2403"]
[WhiteFideId "1030108"]
[BlackFideId "1000080"]
[EventDate "2018.02.23"]

1. e4 e5 2. Nf3 d6 3. d4 exd4 4. Nxd4 g6 5. Nc3 Bg7 6. g3 Nc6 7. Be3 Nf6 8. h3
O-O 9. Bg2 Re8 10. O-O Rb8 11. f4 Bd7 12. Re1 a6 13. g4 h6 14. Bf2 Na5 15. Qd3
b5 16. Bh4 Nc4 17. b3 Nb2 18. Qg3 g5 19. fxg5 Nh7 20. Qe3 hxg5 21. Bg3 b4 22.
Nce2 Nf6 23. Rf1 Qe7 24. e5 dxe5 25. Nf5 Bxf5 26. Rxf5 e4 27. Raf1 Rb5 28. Nd4
Nd5 29. Qxg5 Qxg5 30. Rxg5 Ne3 31. Nxb5 Nxf1 32. Nxc7 Rd8 33. Bxf1 1-0

[Event "10th dMP Batavia GM 2018"]
[Site "Amsterdam NED"]
[Date "2018.03.03"]
[Round "8.3"]
[White "Nijboer, Friso"]
[Black "Fier, Alexandr"]
[Result "1/2-1/2"]
[WhiteTitle "GM"]
[BlackTitle "GM"]
[WhiteElo "2510"]
[BlackElo "2544"]
[WhiteFideId "1000063"]
[BlackFideId "2107139"]
[EventDate "2018.02.23"]

1. e4 c6 2. d4 d5 3. e5 Bf5 4. Nd2 e6 5. Nb3 Nd7 6. Nf3 c5 7. dxc5 Bxc5 8. Nxc5
Nxc5 9. Be3 Nd7 10. Nd4 Ne7 11. f4 a6 12. Be2 Rc8 13. O-O Be4 14. c3 O-O 15. Nf3
Nc5 16. a4 a5 17. Bf2 Ng6 18. g3 Bf5 19. Bxc5 Rxc5 20. Nd4 Ne7 21. Qd2 Be4 22.
Bb5 Nf5 23. Nxf5 Bxf5 24. Rf2 1/2-1/2

[Event "10th dMP Batavia GM 2018"]
[Site "Amsterdam NED"]
[Date "2018.03.03"]
[Round "8.4"]
[White "Sokolov, Ivan"]
[Black "Zatonskih, Anna"]
[Result "1/2-1/2"]
[WhiteTitle "GM"]
[BlackTitle "IM"]
[WhiteElo "2567"]
[BlackElo "2447"]
[WhiteFideId "14400030"]
[BlackFideId "14101572"]
[EventDate "2018.02.23"]

1. d4 d5 2. c4 e6 3. Nc3 Nf6 4. Bg5 Be7 5. e3 O-O 6. Rc1 h6 7. Bh4 b6 8. cxd5
Nxd5 9. Nxd5 exd5 10. Bxe7 Qxe7 11. Bd3 c5 12. Ne2 Nd7 13. O-O Nf6 14. dxc5 bxc5
15. Qc2 c4 16. Bf5 Rb8 17. Bxc8 Rfxc8 18. Nc3 Qe5 19. h3 Ne4 20. Rfd1 Nxc3 21.
bxc3 Rc5 22. Rb1 Rcb5 23. Rxb5 Rxb5 24. g3 g6 25. Kg2 Kg7 26. Rd4 Qb8 27. Qe2
Qb7 28. Qf3 Ra5 29. Rxc4 Rxa2 30. Rb4 Qc6 31. c4 Ra5 32. g4 1/2-1/2

[Event "10th dMP Batavia GM 2018"]
[Site "Amsterdam NED"]
[Date "2018.03.03"]
[Round "8.5"]
[White "Santos Ruiz, Miguel"]
[Black "Vrolijk, Liam"]
[Result "1/2-1/2"]
[WhiteTitle "IM"]
[BlackTitle "FM"]
[WhiteElo "2505"]
[BlackElo "2427"]
[WhiteFideId "22291482"]
[BlackFideId "1048333"]
[EventDate "2018.02.23"]

1. d4 Nf6 2. c4 e6 3. Nc3 Bb4 4. Qc2 O-O 5. a3 Bxc3+ 6. Qxc3 d5 7. Bg5 dxc4 8.
Qxc4 b6 9. Rd1 Ba6 10. Qa4 Bb7 11. f3 Nbd7 12. e4 h6 13. Bh4 Qe8 14. Ne2 c5 15.
Nc3 a6 16. dxc5 Nxc5 17. Qxe8 Rfxe8 18. Be2 b5 19. Bf2 Rac8 20. O-O Ncd7 21. Bd4
Nb8 22. Na2 Nfd7 23. Nc1 Nc5 24. Nd3 Nb3 25. Bc3 Nc6 26. Nb4 Red8 27. Nxc6 Bxc6
28. Kf2 f6 29. Ke3 e5 30. Rxd8+ Rxd8 31. Rd1 Rd7 32. g3 Nc5 33. Rc1 Nb3 34. Rd1
Nc5 35. Bb4 Nb3 36. Rxd7 Bxd7 37. f4 Nd4 38. Bd1 Kf7 39. Bc5 Nc6 40. f5 Na5 41.
Kd3 g6 42. g4 Bc6 43. Bb4 1/2-1/2

[Event "10th dMP Batavia GM 2018"]
[Site "Amsterdam NED"]
[Date "2018.03.04"]
[Round "9.1"]
[White "Bosboom, Manuel"]
[Black "Kevlishvili, Robby"]
[Result "0-1"]
[WhiteTitle "IM"]
[BlackTitle "IM"]
[WhiteElo "2403"]
[BlackElo "2469"]
[WhiteFideId "1000080"]
[BlackFideId "1040634"]
[EventDate "2018.02.23"]

1. Nf3 d5 2. d4 Nf6 3. c4 e6 4. Nc3 a6 5. cxd5 exd5 6. g3 Be7 7. Bg2 O-O 8. O-O
c6 9. Ne5 Nbd7 10. Nd3 a5 11. Bf4 Re8 12. Rc1 Nf8 13. a3 Ne6 14. Be5 Ng4 15. e3
Nxe5 16. Nxe5 Bd6 17. Nd3 Ng5 18. f4 Ne6 19. Kh1 g6 20. Ne5 f6 21. Nd3 Ng7 22.
Re1 Bf8 23. Nf2 Be6 24. g4 Bf7 25. Qf3 Bd6 26. h4 h5 27. Bh3 hxg4 28. Nxg4 f5
29. Nh6+ Kf8 30. Qf2 Nh5 31. Rg1 Rxe3 32. Qxe3 Bxf4 33. Qf3 Bxh6 34. Qf2 Bxc1
35. Rxc1 Qf6 36. Rg1 Re8 37. Rg5 f4 38. Kh2 Re3 39. Ne2 Rb3 40. Nc3 f3 41. Bg4
Qf4+ 0-1

[Event "10th dMP Batavia GM 2018"]
[Site "Amsterdam NED"]
[Date "2018.03.04"]
[Round "9.2"]
[White "Vrolijk, Liam"]
[Black "Beerdsen, Thomas"]
[Result "1/2-1/2"]
[WhiteTitle "FM"]
[BlackTitle "IM"]
[WhiteElo "2427"]
[BlackElo "2445"]
[WhiteFideId "1048333"]
[BlackFideId "1030108"]
[EventDate "2018.02.23"]

1. d4 e6 2. e4 d5 3. Nc3 Bb4 4. e5 Bf8 5. a3 a6 6. Nce2 c5 7. c3 Nc6 8. Nf3 f6
9. exf6 Nxf6 10. g3 cxd4 11. cxd4 Qa5+ 12. Nc3 Ne4 13. Bd2 Nxd2 14. Qxd2 Be7 15.
Bg2 O-O 16. O-O Rxf3 17. Bxf3 Bf6 18. b4 Nxd4 19. Bg2 Qc7 20. Rac1 Qf7 21. Qd1
Bd7 22. Kh1 Rd8 23. Re1 Bc6 24. f4 h5 25. Qd3 Nf5 26. a4 Bxc3 27. Qxc3 d4 28.
Qb3 Bxg2+ 29. Kxg2 Rd6 30. Qd3 Qd7 31. Re5 Rd5 1/2-1/2

[Event "10th dMP Batavia GM 2018"]
[Site "Amsterdam NED"]
[Date "2018.03.04"]
[Round "9.3"]
[White "Kashlinskaya, Alina"]
[Black "Sokolov, Ivan"]
[Result "1/2-1/2"]
[WhiteTitle "IM"]
[BlackTitle "GM"]
[WhiteElo "2459"]
[BlackElo "2567"]
[WhiteFideId "4198026"]
[BlackFideId "14400030"]
[EventDate "2018.02.23"]

1. d4 d5 2. c4 e6 3. Nc3 Bb4 4. e3 c5 5. a3 Ba5 6. cxd5 exd5 7. dxc5 Bxc3+ 8.
bxc3 Nf6 9. Nf3 O-O 10. Be2 Nbd7 11. O-O Nxc5 12. c4 Be6 13. Ng5 Bd7 14. Bb2 Ba4
15. Qb1 Nfe4 16. Nxe4 dxe4 17. Bd4 Nb3 18. Bd1 Nxd4 19. exd4 Bxd1 20. Rxd1 Qe7
21. Qb4 Qd7 22. Rab1 b6 23. c5 Qd5 24. Qb3 Qxb3 25. Rxb3 Rfd8 26. cxb6 axb6 27.
Rxb6 Rxa3 28. d5 g6 29. d6 Rd7 30. g4 Kg7 31. Rb5 f6 32. Rd4 e3 33. fxe3 Rxe3
34. Kf2 Rh3 35. Kg2 Rc3 36. g5 Rc6 37. gxf6+ Kxf6 38. Rbd5 Ke6 39. Kg3 Rcxd6 40.
Rxd6+ Rxd6 41. Ra4 Rd5 42. Re4+ Re5 43. Ra4 h5 44. Ra8 g5 1/2-1/2

[Event "10th dMP Batavia GM 2018"]
[Site "Amsterdam NED"]
[Date "2018.03.04"]
[Round "9.4"]
[White "Fier, Alexandr"]
[Black "Santos Ruiz, Miguel"]
[Result "1/2-1/2"]
[WhiteTitle "GM"]
[BlackTitle "IM"]
[WhiteElo "2544"]
[BlackElo "2505"]
[WhiteFideId "2107139"]
[BlackFideId "22291482"]
[EventDate "2018.02.23"]

1. d4 Nf6 2. c4 e6 3. Nc3 Bb4 4. g3 d5 5. Bg2 O-O 6. a3 Bxc3+ 7. bxc3 c6 8. Nf3
b6 9. O-O Ba6 10. cxd5 cxd5 11. Bg5 h6 12. Bxf6 Qxf6 13. Re1 Nc6 1/2-1/2

[Event "10th dMP Batavia GM 2018"]
[Site "Amsterdam NED"]
[Date "2018.03.04"]
[Round "9.5"]
[White "Zatonskih, Anna"]
[Black "Nijboer, Friso"]
[Result "0-1"]
[WhiteTitle "IM"]
[BlackTitle "GM"]
[WhiteElo "2447"]
[BlackElo "2510"]
[WhiteFideId "14101572"]
[BlackFideId "1000063"]
[EventDate "2018.02.23"]

1. Nf3 d6 2. d4 g6 3. e4 Nf6 4. Nc3 Bg7 5. h3 O-O 6. Be3 a6 7. a4 b6 8. Bd3 Nc6
9. O-O Bb7 10. Qd2 Nb4 11. Be2 c5 12. d5 e6 13. dxe6 fxe6 14. Bg5 Qc7 15. Bc4
Nxe4 16. Bxe6+ Kh8 17. Nxe4 Bxe4 18. c3 Rae8 19. Bc4 d5 20. Be2 Nc6 21. Bh6 Rd8
22. Bxg7+ Qxg7 23. Ng5 Bf5 24. Bxa6 h6 25. Nf3 Bxh3 26. Bb5 Na7 27. Bd3 g5 28.
Rfe1 Nc6 29. Qe3 Bf5 30. Bxf5 Rxf5 31. Rad1 Qf6 32. Qd2 Rxf3 33. gxf3 Ne5 34.
Rxe5 Qxe5 35. Qe3 Qf6 36. b4 d4 37. cxd4 cxd4 38. Qe4 Kg7 39. a5 bxa5 40. bxa5
Rd7 41. Kg2 h5 42. Rd3 Qf4 43. Qe8 Qf7 44. Qe5+ Qf6 45. Qc5 h4 46. Qc8 Qf5 47.
a6 g4 48. Qc6 Rf7 49. Rxd4 gxf3+ 50. Kg1 Qg5+ 51. Kf1 Qg2+ 52. Ke1 Qg1+ 53. Kd2
Qxf2+ 54. Kc3 Qe3+ 55. Kc4 Qc1+ 56. Kb5 Qxc6+ 57. Kxc6 f2 58. Rg4+ Kf8 59. a7
Rxa7 60. Rf4+ Rf7 0-1